| 000 | nam a22 7a 4500 | ||
|---|---|---|---|
| 999 |
_c100104 _d100103 |
||
| 005 | 20190807125940.0 | ||
| 008 | 190315b ||||| |||| 00| 0 eng d | ||
| 020 | _a97801410449617 | ||
| 080 |
_aF _bTOL/D |
||
| 100 |
_aTolstoy, Leo _96061 |
||
| 245 | _aDeath of ivan ilyich and other stories | ||
| 260 |
_aNew Delhi _bPenguin Classics _c2008 |
||
| 300 | _axxxii,317p. | ||
| 653 | _aFiction - English literature | ||
| 700 | _aWilks, Ronald;Tr. by. | ||
| 700 | _aBriggs,Anthony;Tr.by. | ||
| 700 | _aMcduff, david;Tr.by. | ||
| 942 | _cBK | ||